000
00353 a2200169 4500
001
191978
020
_a
85-281-0184-3
040
_c
Magnum
100
_a
Machado, Ana Maria
240
1
0
_a
Banho sem chuva
_l
por
245
1
0
_a
Banho sem chuva
300
_a
362
0
_a
1988
440
1
_a
Salamandra
697
_a
LITERATURA INFANTO
942
_c
BK
999
_c
191978
_d
191978